000 00983cam a22003017a 4500
003 CHAP
005 20220329135143.0
008 971013s1977 r 00010 d
010 _a31779
011 _a32751
035 _a36866
040 _cCHAP
082 _a635.9
_bN4
100 0 0 _aNelson, Kennard S.
_980785
245 1 4 _aThe greenhouse grower ; a career in floriculture
260 _aDanville, Ill. :
_bInterestate,
_c1977
300 _a317 p.
_b: ilus.
590 _aBATCH-UPD
_b10
_c20130110
_lUCH01
_h0216
590 _aBATCH-UPD
_b10
_c20130110
_lUCH01
_h1506
590 _aCONVERSION
_b10
_c20130109
_lUCH01
_h1318
650 1 4 _aCultivos en invernadero.
_930376
650 1 4 _aFloricultura.
_941822
901 _aBK
942 _cLIBRO
949 _a635.9 N4
_bBC
_cLIBRO
_d33724000253464
_eLIBRO
_h52134
_i36866
_si
949 _a635.9 N4
_bBC
_cLIBRO
_d33724000253472
_eLIBRO
_fc.2
_h52135
_i36866
_si
949 _a635.9 N4
_bBC
_cLIBRO
_d33724000253480
_eLIBRO
_fc.3
_h52136
_i36866
_si
999 _c31779
_d31779